Maconellicoccus hirsutus (Green) Register in Teak Forest Santds in the Mato Grosso State, Brazil (Registro n. 341005)
[ somente texto ]
| 000 -LÍDER | |
|---|---|
| fixed length control field | 01500nab a2200289 i 4500 |
| 003 - CÓDIGO MARC DA AGÊNCIA CATALOGADORA | |
| Campo de controle | BR-BrBNA |
| 005 - DATA E HORA DA ÚLTIMA ATUALIZAÇÃO | |
| Campo de controle | 20260323160752.0 |
| 008 - CAMPO DE TAMANHO FIXO | |
| fixed length control field | 260323b2017 bl.ar|pooa||| 00| 0 eng | |
| 040 ## - FONTE DA CATALOGAÇÃO | |
| Agência catalogadora | BR-BrBNA |
| Idioma da catalogação | eng |
| 072 ## - CATEGORIA AGRIS | |
| Código AGRIS | H10 |
| Código do objeto | 3285 |
| 072 ## - CATEGORIA AGRIS | |
| Código do objeto | 4010 |
| 100 ## - ENTRADA PRINCIPAL - NOME PESSOAL | |
| Nome pessoal | Peres-Filho, Otávio |
| 100 ## - ENTRADA PRINCIPAL - NOME PESSOAL | |
| Nome pessoal | Ben-Dov, Yair |
| 100 ## - ENTRADA PRINCIPAL - NOME PESSOAL | |
| Nome pessoal | Wolff, Vera Regina dos Santos |
| 100 ## - ENTRADA PRINCIPAL - NOME PESSOAL | |
| Nome pessoal | Dorval, Alberto |
| 100 ## - ENTRADA PRINCIPAL - NOME PESSOAL | |
| Nome pessoal | Souza, Marcelo Dias de |
| 245 ## - TÍTULO PRINCIPAL | |
| Título principal | Maconellicoccus hirsutus (Green) Register in Teak Forest Santds in the Mato Grosso State, Brazil |
| 500 ## - NOTA GERAL | |
| Nota geral | Publicação on-line; 13 ref.; 1 illus.; Summary (En) |
| 942 ## - ADDED ENTRY ELEMENTS (KOHA) | |
| Koha item type | Analítica |
| 520 ## - NOTA DE RESUMO | |
| Nota de conteúdo | <br/><br/>ABSTRACT<br/><br/>The pink hibiscus mealybug, Maconellicoccus hirsutus Green (Hemiptera, Pseudococcidae) is<br/>registered for the first time in teak forest stands, Tectona grandis, in the municipality of São José<br/>de Quatro Marcos, State of Mato Grosso, Brazil. Information on the geographical distribution,<br/>biology, damage and management of this pest is provided.<br/><br/>Keywords: pink hibiscus mealybug, exotic pest, Tectona grandis. |
| 650 ## - ASSUNTO - THESAGRO | |
| Cabeçalho tópico ou nome geográfico | TECTONA GRANDIS |
| 650 ## - ASSUNTO - THESAGRO | |
| Cabeçalho tópico ou nome geográfico | COCHONILHA ROSADA |
| 650 ## - ASSUNTO - THESAGRO | |
| Cabeçalho tópico ou nome geográfico | PRAGA EXÓTICA |
| 773 0# - ENTRADA ANALÍTICA | |
| Host Biblionumber | 2929 |
| Registro do item | 347945 |
| Imprenta | Rio de Janeiro-RJ Instituto de Florestas - UFRRJ 1994 |
| Outro identificador | 2025-0444 |
| Título | Floresta e Ambiente (Brazil) |
| ISSN | 1415-0980 / ISSN 2179-8087 0nline |
| Colação | v. 24 p. 1-3; (2017) |
| Número de controle de registro | BR2026000284 |
| 856 ## - ACESSO E ENDEREÇO ELETRÔNICO | |
| Identificador uniforme de recurso - URI | https://www.scielo.br/j/floram/a/nDbkjzy3pzKjCjpMwSbpfdH/?format=pdf&lang=en |
Nenhum exemplar disponível.

BINAGRI